Statistics for Hinduism - Dieties

Click here to take the quiz!

General Stats

  • This quiz has been taken 2,110 times
  • The average score is 6 of 9

Answer Stats

HintAnswer% Correct
The destroyer of the ego and ultimately of the universeShiva
95%
Supreme Being; preserver, savior, consort is LakshmiVishnu
92%
God (deva) of creationBrahma
84%
Elephant headGanesha
84%
Goddess: time, black, change, destroyer of evilKali
76%
Leader of the Devas or gods and the lord of Svargaloka or heavenIndra
60%
The god of deathYama
50%
IllusionMaya
36%
The goddess of nightRatri
16%

Score Distribution

Percentile by Number Answered

Percent of People with Each Score

Your Score History

You have not taken this quiz